Die "Heranziehung und Ausbildung des archivalischen Nachwuchses". - Die Ausbildung am Institut für Archivwissenschaft und geschichtswissenschaftliche Fortbildung in Berlin-Dahlem (1930 - 1945)

Titel: Die "Heranziehung und Ausbildung des archivalischen Nachwuchses". - Die Ausbildung am Institut für Archivwissenschaft und geschichtswissenschaftliche Fortbildung in Berlin-Dahlem (1930 - 1945)
Verfasser:
In: Archivarbeit im und für den Nationalsozialismus, (2015), Seite 335-370
alle Artikel anzeigen
Veröffentlicht: 2015
Format: Aufsatz
Sprache: Deutsch
Kein Bild verfügbar
X
alg: 45664632
001A    $03036:09-12-19 
001B    $01999:10-12-19 $t22:38:43.000 
001D    $03036:09-12-19 
001U    $0utf8 
001X    $00 
002@    $0Aou 
002C    $aText $btxt $2rdacontent 
002D    $aohne Hilfsmittel zu benutzen $bn $2rdamedia 
002E    $aBand $bnc $2rdacarrier 
003@    $0456646329 
007A    $0456646329 $aHEB 
010@    $ager 
010E    $erda 
011@    $a2015 
021A    $aDie @"Heranziehung und Ausbildung des archivalischen Nachwuchses". - Die Ausbildung am Institut für Archivwissenschaft und geschichtswissenschaftliche Fortbildung in Berlin-Dahlem (1930 - 1945) 
028A    $BVerfasser $4aut $7129865222 $8Puppel, Pauline$Z1971- [Tp3] $9160124557 
031A    $h335-370 $j2015 
039B    $aEnthalten in $8--Aau--. Archivarbeit im und für den Nationalsozialismus. - Berlin : Duncker & Humblot, [2015]. - 623 Seiten. - Illustrationen. - ISBN 978-3-428-14746-5 $x201500000000000665 $9369170946 

lok: 45664632 105

exp: 45664632 105 1 #EPN
201B/01 $009-12-19 $t13:30:58.000 
201C/01 $009-12-19 
201U/01 $0utf8 
203@/01 $0107225476X 
208@/01 $a09-12-19 $be 
209A/01 $a/ $f106 $x00 
237A/01 $aSignatur Archivschule Marburg: AD 30.30, 12 
245Z/01 $a2.02. $bArchivwissenschaft und Archivtheorie / Archivgeschichte $x01 
245Z/01 $a2.13. $bArchivwissenschaft und Archivtheorie / Ausbildung, Fortbildung und Berufsbild $x02 
247C/01 $8->Marburg, Bibliographie zum Archivwesen der Archivschule Marburg $939588196X
LEADER 00000caa a2200000 c 4500
001 456646329
003 DE-603
005 20191210223843.0
007 tu
008 191209s2015 xx |||| | u00||u|ger c
035 |a (DE-599)HEB456646329 
040 |a DE-603  |b ger  |c DE-603  |d DE-603  |e rda 
041 |a ger 
100 1 |a Puppel, Pauline  |d 1971-  |e Verfasser  |4 aut  |0 (DE-603)160124557  |0 (DE-588)129865222  |2 gnd 
245 0 0 |a ˜Dieœ "Heranziehung und Ausbildung des archivalischen Nachwuchses". - Die Ausbildung am Institut für Archivwissenschaft und geschichtswissenschaftliche Fortbildung in Berlin-Dahlem (1930 - 1945) 
264 0 |c 2015 
336 |a Text  |b txt  |2 rdacontent 
337 |a ohne Hilfsmittel zu benutzen  |b n  |2 rdamedia 
338 |a Band  |b nc  |2 rdacarrier 
773 0 8 |i Enthalten in  |t Archivarbeit im und für den Nationalsozialismus  |d Berlin : Duncker & Humblot, [2015]  |h 623 Seiten, Illustrationen  |z 9783428147465  |g (2015), Seite 335-370  |w (DE-603)369170946 
924 0 |9 -  |a (DE-603)107225476X  |b DE-  |c HES  |d d  |g /